Relació de les publicacions periòdiques rebudes a l'Hemeroteca de l'Arxiu Històric de la Ciutat de Barcelona durant l'any 1995
Descripción Física:
36 f. ; 30 cm
MARC
| LEADER | 00000nam a2200000Ia 4500 | ||
|---|---|---|---|
| 001 | 11239 | ||
| 008 | 160829s1996 xx 000 0 cat d | ||
| 080 | |a FU-27-39 | ||
| 110 | 2 | |a Arxiu Municipal de Barcelona |9 55021 | |
| 245 | |a Relació de les publicacions periòdiques rebudes a l'Hemeroteca de l'Arxiu Històric de la Ciutat de Barcelona durant l'any 1995 | ||
| 260 | |a Barcelona : |b Ajuntament de Barcelona, |c 1996 | ||
| 300 | |a 36 f. ; |c 30 cm | ||
| 650 | |a Arxiu Històric de la Ciutat (Barcelona). Hemeroteca |x Catàlegs |9 37166 | ||
| 710 | 1 | |a Barcelona (Catalunya). |b Ajuntament |9 50981 | |
| 901 | |a Arxiu | ||
| 942 | |n 1 | ||
| 952 | |0 0 |1 0 |4 0 |6 FU2739 |7 1 |9 47724 |a Arxiu |b Arxiu |d 2016-12-01 |l 0 |o FU-27-39 |p 11239 |r 2016-12-01 00:00:00 |w 2016-12-01 |y ARXIU | ||
| 999 | |c 51523 |d 51523 | ||